Afrikan lippujen värit kartalla - Statistics

Yleistilastot
  • Tätä visaa on pelattu 59 kertaa
  • Keskiarvotulos 63 / 198
Vastaukset kartalla
Vastauksille on annettu kartalla punavihreä väri sen mukaan, kuinka moni on saanut sen oikein.
 
Vastaustilastot
Valtio Väri % Oikein
Marokko punainen
100%
Marokko vihreä
84%
Algeria vihreä
81%
Tunisia punainen
76%
Algeria valkoinen
76%
Tunisia valkoinen
76%
Algeria punainen
73%
Egypti punainen
68%
Libya musta
68%
Egypti musta
68%
Libya punainen
68%
Libya valkoinen
68%
Egypti valkoinen
68%
Sudan musta
65%
Sudan punainen
65%
Sudan valkoinen
65%
Sudan vihreä
65%
Egypti keltainen
62%
Libya vihreä
62%
Eritrea vihreä
54%
Eritrea keltainen
51%
Somalia sininen
51%
Somalia valkoinen
51%
Eritrea punainen
49%
Eritrea sininen
49%
Tšad keltainen
46%
Etiopia punainen
46%
Tšad punainen
46%
Tšad sininen
46%
Etiopia keltainen
43%
Mali keltainen
43%
Mauritania keltainen
43%
Djibouti punainen
43%
Mali punainen
43%
Mauritania punainen
43%
Djibouti sininen
43%
Etiopia sininen
43%
Djibouti valkoinen
43%
Niger valkoinen
43%
Djibouti vihreä
43%
Etiopia vihreä
43%
Mali vihreä
43%
Mauritania vihreä
43%
Etelä-Sudan keltainen
41%
Kap Verde keltainen
41%
Senegal keltainen
41%
Niger oranssi
41%
Kap Verde punainen
41%
Senegal punainen
41%
Kap Verde sininen
41%
Etelä-Sudan valkoinen
41%
Kap Verde valkoinen
41%
Niger vihreä
41%
Senegal vihreä
41%
Etelä-Sudan musta
38%
Etelä-Sudan punainen
38%
Gambia sininen
38%
Etelä-Sudan vihreä
38%
Gambia vihreä
38%
Guinea keltainen
35%
Ghana keltainen
35%
Kongon dem. tasavalta keltainen
35%
Kenia musta
35%
Gambia punainen
35%
Guinea-Bissau punainen
35%
Guinea punainen
35%
Liberia punainen
35%
Kenia punainen
35%
Kongon dem. tasavalta punainen
35%
Kongon dem. tasavalta sininen
35%
Gambia valkoinen
35%
Nigeria valkoinen
35%
Kenia valkoinen
35%
Guinea vihreä
35%
Nigeria vihreä
35%
Kenia vihreä
35%
Kamerun keltainen
32%
Uganda keltainen
32%
Angola keltainen
32%
Uganda musta
32%
Angola musta
32%
Norsunluurannikko oranssi
32%
Ghana punainen
32%
Kamerun punainen
32%
Uganda punainen
32%
Angola punainen
32%
Etelä-Sudan sininen
32%
Liberia sininen
32%
Liberia valkoinen
32%
Norsunluurannikko valkoinen
32%
Uganda valkoinen
32%
Norsunluurannikko vihreä
32%
Ghana vihreä
32%
Kamerun vihreä
32%
Ghana musta
30%
Guinea-Bissau keltainen
30%
Benin keltainen
30%
Burkina Faso punainen
30%
Keski-Afrikan tasavalta punainen
30%
Sierra Leone sininen
30%
Burkina Faso vihreä
30%
Burkina Faso keltainen
27%
Keski-Afrikan tasavalta keltainen
27%
Kongon tasavalta keltainen
27%
Gabon keltainen
27%
Togo punainen
27%
Benin punainen
27%
Kongon tasavalta punainen
27%
Keski-Afrikan tasavalta sininen
27%
Tansania sininen
27%
Gabon sininen
27%
Sierra Leone valkoinen
27%
Guinea-Bissau vihreä
27%
Sierra Leone vihreä
27%
Benin vihreä
27%
Keski-Afrikan tasavalta vihreä
27%
Tansania vihreä
27%
Togo keltainen
24%
Ruanda keltainen
24%
Guinea-Bissau musta
24%
Burundi punainen
24%
Keski-Afrikan tasavalta valkoinen
24%
Burundi valkoinen
24%
Togo vihreä
24%
Ruanda vihreä
24%
Burundi vihreä
24%
Kongon tasavalta vihreä
24%
Gabon vihreä
24%
Sambia vihreä
24%
Tansania keltainen
22%
Tansania musta
22%
Sambia punainen
22%
Madagaskar punainen
22%
Namibia punainen
22%
Etelä-Afrikka punainen
22%
Ruanda sininen
22%
Botswana sininen
22%
Namibia sininen
22%
Etelä-Afrikka sininen
22%
Eswatini sininen
22%
Togo valkoinen
22%
Madagaskar valkoinen
22%
Botswana valkoinen
22%
Madagaskar vihreä
22%
Uganda harmaa
19%
São Tomé ja Príncipe keltainen
19%
Namibia keltainen
19%
Sambia musta
19%
Botswana musta
19%
São Tomé ja Príncipe punainen
19%
Malawi punainen
19%
Eswatini punainen
19%
Päiväntasaajan Guinea sininen
19%
Lesotho sininen
19%
Etelä-Afrikka valkoinen
19%
Seychellit keltainen
16%
Mauritius keltainen
16%
Etelä-Afrikka keltainen
16%
Eswatini keltainen
16%
São Tomé ja Príncipe musta
16%
Malawi musta
16%
Etelä-Afrikka musta
16%
Sambia oranssi
16%
Päiväntasaajan Guinea punainen
16%
Seychellit punainen
16%
Mauritius sininen
16%
Päiväntasaajan Guinea valkoinen
16%
Seychellit valkoinen
16%
Namibia valkoinen
16%
Lesotho valkoinen
16%
Päiväntasaajan Guinea vihreä
16%
São Tomé ja Príncipe vihreä
16%
Malawi vihreä
16%
Seychellit vihreä
16%
Mauritius vihreä
16%
Namibia vihreä
16%
Etelä-Afrikka vihreä
16%
Mosambik keltainen
14%
Zimbabwe keltainen
14%
Mosambik punainen
14%
Mauritius punainen
14%
Seychellit sininen
14%
Mosambik vihreä
14%
Lesotho vihreä
14%
Mosambik musta
11%
Zimbabwe musta
11%
Lesotho musta
11%
Komorit punainen
11%
Zimbabwe punainen
11%
Komorit sininen
11%
Mosambik valkoinen
11%
Komorit valkoinen
11%
Zimbabwe vihreä
11%
Komorit keltainen
8%
Eswatini musta
8%
Zimbabwe valkoinen
8%
Eswatini valkoinen
8%
Komorit vihreä
8%
Ehtoja vastaavia visoja ei löytynyt
Tulosjakauma
Jokaisen tuloksen saaneiden osuus
Persentiili vastausten määrän mukaan
Tuloshistoriasi
Et ole pelannut tätä visaa